000 00930nam a2200205Ia 4500
001 9999
003 GE_BSU
008 181216s||||||||xx |||||||||||||| ||und||
040 _cGE_BSU
080 _a821.353.1+821.353.1.09+82-93+821.353.1-92
245 _aპირველი სხივი:საიუბილეო კრებული.სტალინის სახ.თბილისის სახ. უნივერსიტეტის სტუდენთა ლიტერატურული წრის ალმანახი
245 _bწ.5-6
245 _cბ.ჟღენტი (მთ.რედ.)და სხვ.მხატვ.მ.ინასარიძე
260 _aთბილისი
260 _bუნივერსიტეტის გამ–ბა
260 _c1958
300 _a660გვ.24სმ.
653 _aპირველი სხივი
942 _cBK
999 _c43272
_d43272